Role interkulturní komunikace v sebeprosazování manažera
Komunikácia v manažmente. Interkulturálna komunikácia ako kľúčová kompetencia manažéra. Interkulturálna komunikácia prebieha v konkrétnom prostredí - komunikačnom kontexte, ktorý môže mať nasledujúcu podobu: jazykový kontext, kultúrny kontext, interakčný kontext, osobnostný kontext, činnostný kontex...
Guardado en:
| Autor principal: | |
|---|---|
| Formato: | Capítulo de libro |
| Lenguaje: | checo |
| Materias: | |
| Etiquetas: |
Sin Etiquetas, Sea el primero en etiquetar este registro!
|
MARC
| LEADER | 00000naa$a2200000$$$4500 | ||
|---|---|---|---|
| 001 | 0056157 | ||
| 005 | 20221207085710.8 | ||
| 041 | 0 | |a cze | |
| 044 | |a SK | ||
| 245 | 1 | 0 | |a Role interkulturní komunikace v sebeprosazování manažera |c Jaroslav Erneker |
| 520 | |a Komunikácia v manažmente. Interkulturálna komunikácia ako kľúčová kompetencia manažéra. Interkulturálna komunikácia prebieha v konkrétnom prostredí - komunikačnom kontexte, ktorý môže mať nasledujúcu podobu: jazykový kontext, kultúrny kontext, interakčný kontext, osobnostný kontext, činnostný kontext. | ||
| 610 | 2 | 0 | |a komunikácia interpersonálna |
| 610 | 2 | 0 | |a komunikácia multikultúrna |
| 610 | 2 | 0 | |a manažéri |
| 610 | 2 | 0 | |a sebarealizácia |
| 100 | 1 | |a Erneker, Jaroslav | |